000 00946nam a22002417a 4500
999 _c16873
_d16873
003 AR-CdUCM
008 190506b ||||| |||| 00| 0 spa d
040 _aMUNICIPALIDAD PROVINCIAL DEL CUSCO
_cBIBLIOTECA MUNICIPAL DEL CUSCO
041 _heng
082 _a129.23 /
_bR96
100 _aRussell, Bertrand
_916285
245 _aInvestigación sobre el significado y la verdad /
260 _aBuenos Aires :
_bLosada,
_c1946.
300 _a430 páginas ;
_c19 cm.
440 _aBiblioteca Filosófica.
_915046
505 _aContenido: ¿Que es una palabra? -- Oraciones, sintaxis y partes de la oración -- Oraciones descriptivas -- El lenguaje de objeto -- Palabras lógicas -- Nombres propios ...
650 _aJuicio (Lógica)
_936590
650 _aSignificación (Psicología)
_936591
650 _aVerdad (Lógica)
_936592
700 _aRovira Armengol, José (traducción)
_936593
942 _2ddc
_cLIBROS
945 _aachl
_d2019-05-06